El Proceso del ALCA: incertidumbres y desafíos /

Guardado en:
Bibliografiske detaljer
Hovedforfatter: Bouzas, Roberto
Format: Texto
Fag:
Tags: Tilføj Tag
Ingen Tags, Vær først til at tagge denne postø!

MARC

LEADER 00000 a a2200000 04500
001 13246
003
040
100 |a Bouzas, Roberto  
245 |a El Proceso del ALCA: incertidumbres y desafíos /  |c Roberto Bouzas  
650 |a INTEGRACION ECONOMICA  
650 |a COMERCIO EXTERIOR  
650 |a INTEGRACION REGIONAL  
650 |a LIBRE COMERCIO  
650 |a NEGOCIACIONES  
650 |a AMERICAS  
773 |g número 4; páginas 121-133  
999 |c 20658  |d 20658